Biggest Cities of the Vijayanagara Empire with a Map - Statistics

General Stats
  • This quiz has been taken 223 times
  • The average score is 5 of 15
Answers on the Map
Answers color-coded by a green-red scale on the quiz's map according to % correct below.
 
Answer Stats
Population Cities % Correct
450k Vijayanagara
70%
30k Kochi
66%
30k Madurai
57%
40k Goa
55%
45k Kozhikode
52%
25k Thiruvananthapuram
43%
60k Kollam
27%
30k Kannur
21%
25k Kanchipuram
20%
40k Penukonda
13%
35k Raichur
13%
30k Srirangapatna
8%
30k Belur
6%
30k Kayalpatnam
6%
60k Bhimavaram
4%
No matching quizzes found
Score Distribution
Percent of People with Each Score
Percentile by Number Answered
Your Score History
You have not taken this quiz